Interference analysis in cooperative linear multi-hop networks subject to multiple flows (Record no. 12260)
[ view plain ]
| 000 -LEADER | |
|---|---|
| fixed length control field | 00446nam a22001337a 4500 |
| 082 ## - DEWEY DECIMAL CLASSIFICATION NUMBER | |
| Classification number | MS-CSE-2 QUR |
| 100 ## - MAIN ENTRY--PERSONAL NAME | |
| Personal name | Quratulain Shafi |
| 9 (RLIN) | 106923 |
| 245 ## - TITLE STATEMENT | |
| Title | Interference analysis in cooperative linear multi-hop networks subject to multiple flows |
| 260 ## - PUBLICATION, DISTRIBUTION, ETC. | |
| Place of publication, distribution, etc. | Islamabad |
| Name of publisher, distributor, etc. | NUST university |
| Date of publication, distribution, etc. | 2013 |
| 300 ## - PHYSICAL DESCRIPTION | |
| Extent | 36p. : |
| Accompanying material | CD-Rom |
| 500 ## - GENERAL NOTE | |
| General note | Supervisor: Dr. Adeel Baig |
| 856 ## - ELECTRONIC LOCATION AND ACCESS | |
| Uniform Resource Identifier | <a href="http://10.250.8.41:8080/xmlui/handle/123456789/32223">http://10.250.8.41:8080/xmlui/handle/123456789/32223</a> |
| 942 ## - ADDED ENTRY ELEMENTS (KOHA) | |
| Koha item type | Project Report |
| Source of classification or shelving scheme | |
| Withdrawn status | Lost status | Damaged status | Not for loan | Collection code | Permanent Location | Current Location | Shelving location | Date acquired | Total Checkouts | Full call number | Barcode | Date last seen | Price effective from | Koha item type |
|---|---|---|---|---|---|---|---|---|---|---|---|---|---|---|
| Central Library (CL) | Central Library (CL) | General Stacks | 12/17/2013 | MS-CSE-2 QUR | SEECSP01310 | 12/17/2013 | 12/17/2013 | Project Report |
